Statistics for 2018 and 2019 memes

Click here to take the quiz!

General Stats

  • This quiz has been taken 15 times
  • The average score is 9 of 72

Answer Stats

HintAnswer% Correct
young yodababy yoda
91%
3rd letter of alphabetc
91%
thicc bunnybig chungus
82%
5th letter of alphabete
82%
13th letterm
82%
cat with bongosbongo cat
45%
fortnite introali-a
36%
truck made by elon muskcybertruck
36%
shocked pokemonpikachu
36%
game made in 2018 but looks like from 1999baldi
27%
smal brain x2big brain
27%
i guess they never miss huh?hit or miss
27%
they did _____ on a _____surgery on a grape
27%
ugandun knuckles + big chungusugandan chungus
27%
KEK_W
27%
a number7
18%
purple ovalbeanos
18%
a circle that can destory planets,solar systems and galaxiesblack hole
18%
me and the ____boys
18%
checking your ____vibe
18%
people planning to raidarea 51
9%
ok ______boomer
9%
pufferfish eating _____carrot
9%
part of fortnitedefault dance
9%
bfdi character wearing underwearfirey underwear
9%
lampmoth
9%
cursed obamaobunga
9%
like dogewalter
9%
cursed imagesapyr
0%
big scam that people fall for (i think)bitconnect
0%
the new dogecheems
0%
chonk chartchonky cat
0%
pepe with rainbow hairclown pepe
0%
a shapecone
0%
coughing animalcough cat
0%
music videocrab rave
0%
crossed out flagcrossed out pride flag
0%
dancing insectdancing cockroach
0%
depressed animal that lives for 2 years mostlydepressed hamster
0%
a staring fishdo you fart
0%
roblox offensego commit die
0%
based off stonkshelth
0%
bootleg horsehonse
0%
pepe with handshypers
0%
ightimma head out
0%
____beanosjalabeanos
0%
ugly penguinjeff
0%
2019 moviejoker
0%
fruit with wheelslemon car
0%
tech tipperlinus
0%
face swapmike face swap
0%
____ jokermini joker
0%
____ keanu reevesmini keanu reeves
0%
a part of wojaknpc wojak
0%
obama traingleobamium
0%
fast officerofficer earl
0%
8 bit pepe twitch emotepeped
0%
broken pepepepega
0%
pepe wat facepepewtf
0%
twitch emotes showing excitmentpogu
0%
a polite animalpolite cat
0%
dog with handqueries
0%
white catsmudge the cat
0%
movie based on popular gamesonic movie
0%
everyday we ____ closer to ___stray closer to god
0%
roblox franchisesu tart
0%
swole memeswole doge
0%
doot meme in real lifetrumpet boy
0%
a voice overervoice over pete
0%
KEK____wait
0%
a wojak thats witheredwithered wojak
0%
happy pepeYEP
0%

Score Distribution

Percentile by Number Answered

Percent of People with Each Score

Your Score History

You have not taken this quiz